Online
Catalog

Multiculturalismo y derechos indígenas / (Record no. 14051)

MARC details
000 -CABECERA
campo de control de longitud fija 01276cam a2200301 a 4500
001 - NÚMERO DE CONTROL
campo de control 000014462
005 - FECHA Y HORA DE LA ÚLTIMA TRANSACCIÓN
campo de control 20200929163844.0
008 - DATOS DE LONGITUD FIJA--INFORMACIÓN GENERAL
campo de control de longitud fija 030717s2003 ck b 001 0 spa d
020 ## - NÚMERO INTERNACIONAL ESTÁNDAR DEL LIBRO
Número Internacional Estándar del Libro 9586440826
035 ## - NÚMERO DE CONTROL DEL SISTEMA
Número de control de sistema (DLC)13306327
040 ## - FUENTE DE LA CATALOGACIÓN
Centro catalogador/agencia de origen DO-SdBNP
Centro/agencia transcriptor BID
Centro/agencia modificador UPB
-- DLC
042 ## - CÓDIGO DE AUTENTICACIÓN
Código de autenticación lccopycat
043 ## - CÓDIGO DE ÁREA GEOGRÁFICA
Código de área geográfica s-ck---
082 ## - NÚMERO DE LA CLASIFICACIÓN DECIMAL DEWEY
Número de clasificación 306.446
Número de documento/Ítem B737m
049 ## - FONDOS LOCALES (OCLC)
Fondos de biblioteca BNGR
100 1# - ENTRADA PRINCIPAL--NOMBRE DE PERSONA
Nombre de persona Borrero García, Camilo.
9 (RLIN) 32655
245 10 - MENCIÓN DE TÍTULO
Título Multiculturalismo y derechos indígenas /
Mención de responsabilidad, etc. Camilo Borrero García.
260 ## - PUBLICACIÓN, DISTRIBUCIÓN, ETC.
Lugar de publicación, distribución, etc. Bogotá :
Nombre del editor, distribuidor, etc. Deutsches Gesellschaft fur Technische Zusammenarbeit, Centro de Investigación y Educación Popular,
Fecha de publicación, distribución, etc. 2003.
300 ## - DESCRIPCIÓN FÍSICA
Extensión 252 p. ;
Dimensiones 24 cm.
500 ## - NOTA GENERAL
Nota general Febrero 2003.
504 ## - NOTA DE BIBLIOGRAFÍA, ETC.
Nota de bibliografía, etc. Incluye referencias bibliográficas (p. 251-252).
505 0# - NOTA DE CONTENIDO CON FORMATO
Nota de contenido con formato Capítulo I. En pos del multiculturalismo -- Capítulo II. La movilización social indígena -- Capítulo III. Las protecciones externas en la jurisdicción constitucional -- Capítulo IV. De las restricciones internas.
650 #4 - PUNTO DE ACCESO ADICIONAL DE MATERIA--TÉRMINO DE MATERIA
Término de materia o nombre geográfico como elemento de entrada Multiculturalismo
9 (RLIN) 32656
650 #4 - PUNTO DE ACCESO ADICIONAL DE MATERIA--TÉRMINO DE MATERIA
Término de materia o nombre geográfico como elemento de entrada Indígenas de américa del sur
Subdivisión general Situación legal
Subdivisión geográfica Colombia
9 (RLIN) 32657
650 #4 - PUNTO DE ACCESO ADICIONAL DE MATERIA--TÉRMINO DE MATERIA
Término de materia o nombre geográfico como elemento de entrada Derecho civil
9 (RLIN) 3574
710 1# - PUNTO DE ACCESO ADICIONAL--NOMBRE DE ENTIDAD CORPORATIVA
Nombre de entidad corporativa o nombre de jurisdicción como elemento de entrada Centro de Investigación y Educación Popular.
9 (RLIN) 32658
910 ## - DATOS DE OPCIÓN DEL USUARIO (OCLC)
Datos de opción del usuario Catalogación por copia / LC
999 ## - NÚMEROS DE CONTROL DE SISTEMA (KOHA)
-- 0000232
Holdings
Estado de retiro Estado de pérdida Restricciones de uso No para préstamo Código de colección Localización permanente Ubicación/localización actual Ubicación en estantería Fecha de adquisición Número de inventario Total de préstamos Signatura topográfica completa Código de barras Fecha visto por última vez Precio válido a partir de Tipo de ítem Koha
      Excluido de préstamo Monografías: Libros y Folletos General General En catalogación 11.01.2010 LF1   306.446 B737m 14462-10 25.06.2020 25.06.2020 No se presta

Powered by Koha